|
|
|
|
| LEADER |
00000nam a2200000 a 4500 |
| 001 |
vtls008374237 |
| 003 |
SK-MaSNL |
| 005 |
20260301020840.0 |
| 008 |
181109s1954 xo slo |
| 015 |
|
|
|a SKSNBA19451955-003950
|
| 035 |
|
|
|a SK01SNKBKSFS20020066454
|
| 035 |
|
|
|a SKM000068917
|
| 040 |
|
|
|a SNK
|b slo
|c SNK
|e AACR2
|
| 041 |
0 |
|
|a slo
|
| 044 |
|
|
|a xo
|c SK
|
| 080 |
|
|
|a 808.54(075)
|2 1981
|
| 100 |
1 |
|
|a Horváth, Imre
|4 aut
|9 308896
|
| 245 |
1 |
0 |
|a Slovenská čítanka a cvičebnica pre 4. ročník všeobecnovzdelávacích škôl s maďarským vyučovacím jazykom
|b [paral. tit. maďar.]
|c Imre Horváth ; (A képeket rajzolták Štefan Horváth és Gejza Salay)
|
| 260 |
|
|
|a Bratislava
|b Slovenské pedagogické nakladateľstvo
|c 1954
|e Trnava
|f Knižné závody
|
| 300 |
|
|
|a 153, [4] s.
|c V. 8°
|
| 500 |
|
|
|a Ilustrované
|
| 563 |
|
|
|a 14.500 výtlač.
|
| 650 |
0 |
7 |
|a slovenčina
|2 SNKPH
|9 1350
|
| 655 |
|
7 |
|a učebnice základných škôl
|2 SNKPH
|9 70187
|
| 655 |
|
7 |
|a čítanky
|2 SNKPH
|9 60817
|
| 700 |
1 |
|
|a Salay, Gejza,
|d 1902-1963
|4 ill
|9 117535
|
| 700 |
1 |
|
|a Horváth, Štefan,
|d 1912-1965
|4 ill
|9 180384
|
| 852 |
|
|
|a Slovenská národná knižnica v Martine
|b 10000
|h MS SD 9102
|
| 958 |
|
|
|a OND
|
| 958 |
|
|
|a RK
|
| 958 |
|
|
|a TL
|
| 999 |
|
|
|c 563949
|d 565879
|
| 952 |
|
|
|a SNK
|b SNK
|y VYP
|7 0
|p 17A1077009
|o snkSD 9102 D1
|i snkI. 7774/54
|0 0
|1 0
|4 0
|d 2014-10-14
|l 0
|r 2026-02-23 13:52:09
|w 2026-02-23
|
| 952 |
|
|
|a SNK
|b SNK
|y PREZ
|7 0
|p 17A0394356
|o snkSD 9102
|i snk994/54
|0 0
|1 0
|4 0
|d 2003-09-06
|l 0
|r 2025-11-21 00:00:00
|w 2026-02-23
|